| 000 | 00456nam a2200133 a 4500 | ||
|---|---|---|---|
| 008 | 120416s1973 ||||||||||||||||| || u | ||
| 050 | _aTA 330 Coc | ||
| 100 | _aCochrane, Ian D | ||
| 245 | 1 | 0 | _aEngineering mathematics 1 |
| 260 |
_aNew York _bMcGraw-Hill _c1973 |
||
| 300 | _aix, 210p. : ill. | ||
| 350 | _a0.00 | ||
| 995 |
_D0.00 _FCBU-MAIN LIBRARY (Kitwe) _H1 _I2.65 _UDAMAGED _ZMain Library Open Access Collection |
||
| 999 |
_c41959 _d41959 |
||